[Event "Palle Skov Memorial - WIM 2025"]
[Site "Hillerod"]
[Date "2025.02.15"]
[Round "9.2"]
[White "Doluhanova, Evgeniya"]
[Black "van den Brink, Nienke"]
[Result "1-0"]
[WhiteElo "2272"]
[BlackElo "1967"]
[WhiteFideId "14112035"]
[BlackFideId "1452568"]
[EventDate "2025.02.08"]
[EventType "tourn"]
[EventRounds "9"]
[EventCountry "DEN"]
[SourceTitle "Live v. Kasper Jerwiarz"]

1. Nf3 f5 2. d4 Nf6 3. c4 g6 4. Nc3 d6 5. g3 Bg7 6. Bg2 O-O 7. O-O Nc6 8. d5 Na5 9. Qd3 e5 10. dxe6 Bxe6 11. Nd5 c6 12. Ng5 Bf7 13. Nxf7 Kxf7 14. Nxf6 Bxf6 15. Rb1 c5 16. Bh6 Re8 17. Bd5+ Ke7 18. b4 cxb4 19. Rxb4 Qc7 20. e4 fxe4 21. Qxe4+ Kd8 22. Qf3 Be7 23. Rfb1 Rb8 24. Bf7 Nc6 25. Bxe8 Nxb4 26. Qf7 d5 27. Bb5 Qc5 28. Qe8+ Kc7 29. Qd7+ Kb6 30. Be3 1-0

[Event "Palle Skov Memorial - WIM 2025"]
[Site "Hillerod"]
[Date "2025.02.15"]
[Round "9.3"]
[White "Guindy, Esmat Susanne"]
[Black "Dalsberg, Sandra de Blecourt"]
[Result "1/2-1/2"]
[WhiteElo "2057"]
[BlackElo "2068"]
[WhiteFideId "1401637"]
[BlackFideId "1004948"]
[EventDate "2025.02.08"]
[EventType "tourn"]
[EventRounds "9"]
[EventCountry "DEN"]
[SourceTitle "Live v. Kasper Jerwiarz"]

1. d4 d5 2. Nf3 Nf6 3. c4 c6 4. g3 Bf5 5. Nc3 e6 6. Nh4 dxc4 7. Nxf5 exf5 8. Bg2 Nbd7 9. d5 cxd5 10. Nxd5 Nxd5 11. Qxd5 Bb4+ 12. Bd2 Bxd2+ 13. Qxd2 Qc7 14. Rd1 O-O-O 15. Qd5 Ne5 16. Qb5 Rxd1+ 17. Kxd1 a6 18. Qb4 Rd8+ 19. Kc1 b5 20. a4 Nc6 21. Qc3 Nd4 22. Kb1 g6 23. axb5 axb5 24. Qa3 Qd6 25. Qa7 Rd7 26. Qa8+ Qb8 27. Qa6+ Kd8 28. Rd1 Ke7 29. Qa3+ b4 30. Qe3+ Ne6 31. Rxd7+ Kxd7 32. Bd5 Qc7 33. Bxe6+ fxe6 34. Qd4+ Kc8 35. Kc2 Kb7 36. b3 cxb3+ 37. Kxb3 Qc3+ 38. Qxc3 bxc3 39. Kxc3 1/2-1/2

[Event "Palle Skov Memorial - WIM 2025"]
[Site "Hillerod"]
[Date "2025.02.15"]
[Round "9.4"]
[White "Jakobsen, Shanne Hedegaard"]
[Black "Verbin, Valentina"]
[Result "1/2-1/2"]
[WhiteElo "2016"]
[BlackElo "2098"]
[WhiteFideId "1462296"]
[BlackFideId "13905910"]
[EventDate "2025.02.08"]
[EventType "tourn"]
[EventRounds "9"]
[EventCountry "DEN"]
[SourceTitle "Live v. Kasper Jerwiarz"]

1. d4 Nf6 2. c4 e6 3. Nc3 Bb4 4. e3 O-O 5. Bd2 c5 6. Nf3 b6 7. a3 Bxc3 8. Bxc3 Ne4 9. Rc1 Nxc3 10. Rxc3 cxd4 11. Nxd4 Bb7 12. Qg4 f5 13. Qf4 Nc6 14. Nxc6 Bxc6 15. h4 Qf6 16. h5 e5 17. Qh4 Qf7 18. c5 b5 19. Bd3 Rae8 20. O-O Kh8 21. Bc2 g5 22. hxg6 Qxg6 23. e4 f4 24. Rh3 Bxe4 25. Bxe4 Qxe4 26. Rd1 Rg8 27. Rh2 Rg7 28. Qf6 Qc2 29. Re1 Qxc5 30. Rh5 Qe7 31. Qxe5 Qxe5 32. Rhxe5 Reg8 33. R1e4 Rxg2+ 34. Kf1 f3 35. Ke1 a6 36. Rd5 Rg1+ 37. Kd2 Rf1 38. Ke3 Rf8 39. Rd2 Re1+ 40. Kd3 Rxe4 41. Kxe4 Kg7 42. Rxd7+ Kg6 43. b3 Rf6 44. a4 bxa4 45. bxa4 h5 46. Rd3 Kg5 47. Rxf3 Rxf3 48. Kxf3 Kf5 49. Kg3 Kg5 50. a5 1/2-1/2

[Event "Palle Skov Memorial - WIM 2025"]
[Site "Hillerod"]
[Date "2025.02.15"]
[Round "9.5"]
[White "Rakhmangulova, Anastasiya"]
[Black "Sharma Isha"]
[Result "1/2-1/2"]
[WhiteElo "2324"]
[BlackElo "2170"]
[WhiteFideId "14117479"]
[BlackFideId "35006665"]
[EventDate "2025.02.08"]
[EventType "tourn"]
[EventRounds "9"]
[EventCountry "DEN"]
[SourceTitle "Live v. Kasper Jerwiarz"]

1. e4 e5 2. Nf3 Nc6 3. Bc4 Bc5 4. d3 Nf6 5. Nc3 h6 6. h3 a6 7. a4 d6 8. Be3 O-O 9. O-O Bxe3 10. fxe3 Be6 11. Nd2 Bxc4 12. Nxc4 d5 13. exd5 Nxd5 14. Nxd5 Qxd5 15. e4 Qc5+ 16. Kh2 b5 17. Nd2 Rad8 18. axb5 axb5 19. Nb3 Qb6 20. Rf3 Rd6 21. Qd2 Nd4 22. Nxd4 Qxd4 23. Qc3 Qxc3 24. bxc3 Rc6 25. Rb1 Rxc3 26. Rxb5 Re8 27. Rf2 Kf8 28. g4 Re6 29. Kg3 g5 30. h4 gxh4+ 31. Kxh4 1/2-1/2